AH International Schools' Libraries

The voyages of doctor Dolittle / (Record no. 50273)

MARC details
000 -LEADER
fixed length control field 00462nam a2200133 4500
020 ## - INTERNATIONAL STANDARD BOOK NUMBER
International Standard Book Number 9781402745744
245 ## - TITLE STATEMENT
Title The voyages of doctor Dolittle /
Statement of responsibility, etc Retold from the Hugh Lofting original by Kathleen Olmstead.
260 ## - PUBLICATION, DISTRIBUTION, ETC. (IMPRINT)
Place of publication, distribution, etc New York:
Name of publisher, distributor, etc Sterling Children's Books;
Date of publication, distribution, etc 2008.
300 ## - PHYSICAL DESCRIPTION
Extent 150 p.
Other physical details ill.
Dimensions 20 cm.
650 ## - SUBJECT ADDED ENTRY--TOPICAL TERM
Topical term or geographic name as entry element Voyages.
Form subdivision Fiction.
9 (RLIN) 87285
655 ## - INDEX TERM--GENRE/FORM
Genre/form data or focus term Adventure. Classics.
9 (RLIN) 84284
700 ## - ADDED ENTRY--PERSONAL NAME
Relator code illustrator.
Personal name Lucy Corvino.
9 (RLIN) 87286
942 ## - ADDED ENTRY ELEMENTS (KOHA)
Source of classification or shelving scheme
Koha item type J FIC BOOKS
Holdings
Withdrawn status Lost status Source of classification or shelving scheme Damaged status Not for loan Collection code Home library Current library Date acquired Total Checkouts Full call number Barcode Date last seen Price effective from Koha item type
          SECONDARY Asian Hope Secondary Library Asian Hope Secondary Library 03/23/2026   J FIC OLM 210888 03/23/2026 03/23/2026 J FIC BOOKS

For any Logos Library related questions please contact Miss Art at swongnarasuk@asianhope.org.

For any Asian Hope Library related questions please contact Miss Raza at graza@asianhope.org.

Powered by Koha